[Event "Sitges op 47th"]
[Site "Sitges"]
[Date "2023.07.26"]
[Round "5"]
[White "Buchenau, Frank"]
[Black "Kufferath, Camille"]
[Result "1-0"]
[WhiteElo "2222"]
[BlackElo "2029"]
[PlyCount "48"]
[EventDate "2023.07.22"]
[EventType "swiss"]
[EventRounds "9"]
[EventCountry "ESP"]
[SourceTitle "CBM 215 Extra"]
[Source "ChessBase"]
[SourceDate "2023.09.30"]
[SourceVersion "1"]
[SourceVersionDate "2023.09.30"]
[SourceQuality "1"]

1. e4 c5 2. Nf3 Nc6 3. Bb5 g6 4. Bxc6 bxc6 5. 0-0 Bg7 6. Re1 Nf6 7. e5 Nd5 8. c4 Nc7 9. d4 cxd4 10. Qxd4 Ne6 11. Qh4 h6 12. Nc3 g5 13. Qg3 0-0 14. h4 f6 15. exf6 exf6 16. Ne4 g4 17. Nd6 Qc7 18. h5 f5 19. Nh4 f4 20. Qd3 Ng5 21. Nhf5 Rf6 22. Bd2 Ne6 23. Qe2 Nf8 24. Qxg4 Kh8 1-0

[Event "Noisiel op 8th"]
[Site "Noisiel"]
[Date "2023.02.23"]
[Round "9"]
[White "Nguyen, Vincent1111"]
[Black "Kufferath, Camille"]
[Result "1-0"]
[WhiteElo "2172"]
[BlackElo "2099"]
[PlyCount "103"]
[EventDate "2023.02.18"]
[EventType "swiss"]
[EventRounds "9"]
[EventCountry "FRA"]
[SourceTitle "CBM 212 Extra"]
[Source "ChessBase"]
[SourceDate "2023.03.31"]
[SourceVersion "1"]
[SourceVersionDate "2023.03.31"]
[SourceQuality "1"]

1. d4 Nf6 2. c4 g6 3. f3 Bg7 4. e4 d6 5. Be3 Nc6 6. Ne2 a6 7. Nbc3 0-0 8. Qd2 Rb8 9. Rb1 Re8 10. b4 b5 11. cxb5 axb5 12. d5 Ne5 13. Nd4 Bd7 14. Bxb5 Bxb5 15. Ncxb5 Qd7 16. Qe2 c5 17. dxc6 Nxc6 18. 0-0 d5 19. Rfc1 Nxd4 20. Nxd4 dxe4 21. Nc6 Ra8 22. Bd4 e5 23. Bxe5 Rxe5 24. Nxe5 Qd4+ 25. Kh1 Qxe5 26. b5 Nd5 27. Qxe4 Qxe4 28. fxe4 Nc3 29. Rb3 Nxa2 30. Rc4 Nc3 31. g3 Rb8 32. b6 Be5 33. b7 Kg7 34. Kg2 Kf6 35. Kf3 Ke7 36. Rc8 Na4 37. Rb4 Nc3 38. Rxb8 Bxb8 39. Rc4 Nb5 40. Rc8 Bd6 41. b8Q Bxb8 42. Rxb8 Nd4+ 43. Ke3 Nc6 44. Rb7+ Ke6 45. Rb6 Kd7 46. Kf4 h6 47. h4 Nd4 48. Ke5 Ne2 49. g4 Ke8 50. Kf6 Nc3 51. Rb8+ Kd7 52. Kxf7 1-0

[Event "FRA-ch U12"]
[Site "Hyeres"]
[Date "2019.04.16"]
[Round "4"]
[White "Bat, Bilguun"]
[Black "Kufferath, Camille"]
[Result "1-0"]
[WhiteElo "2163"]
[BlackElo "1652"]
[PlyCount "59"]
[EventDate "2019.04.14"]
[EventType "swiss"]
[EventRounds "9"]
[EventCountry "FRA"]
[SourceTitle "CBM 190 Extra"]
[Source "ChessBase"]
[SourceDate "2019.07.15"]
[SourceVersion "1"]
[SourceVersionDate "2019.07.15"]
[SourceQuality "1"]

1. d4 Nf6 2. Nf3 g6 3. Nc3 Bg7 4. e4 d6 5. Bf4 0-0 6. Qd2 c5 7. d5 Qa5 8. Bd3 b5 9. Nxb5 Qb6 10. c3 Nxe4 11. Bxe4 Qxb5 12. h4 Ba6 13. 0-0-0 Qc4 14. Bb1 Bb7 15. Bh6 Qxd5 16. Qxd5 Bxh6+ 17. Qg5 Bxg5+ 18. hxg5 Nc6 19. Rh4 Kg7 20. Be4 Rab8 21. Rdh1 Rh8 22. Bxc6 Bxc6 23. Ne1 Bb5 24. Nc2 a6 25. Ne3 e6 26. Ng4 Bc6 27. Nf6 h5 28. R1h2 d5 29. g4 hxg4 30. Rh7+ 1-0